000 02065cam a22004934i 4500
003 PE-LiUPU
005 20250731173452.0
008 150616s r 000 0 d
035 _a(Sirsi) a6503
040 _aPE-LiUPU
_bspa
_cPE-LiUPU
_erda
049 _aPRUA
082 0 4 _a226.066
_bW46
_221
100 1 _aWenham, John,
_eautor.
245 1 0 _aRedating Matthew, Mark & Luke :
_ba Fresh Assault on the Synoptic Problem /
_cJohn Wenham.
264 1 _aDowners Grove, Illinois :
_bInter Varsity Press,
_c1992.
300 _a315 páginas ;
_c21 cm.
336 _atext
_2rdacontent
337 _aunmediated
_2rdamedia
338 _avolume
_2rdacarrier
505 0 _aThe Intractable Problem -- Building a synoptic Theory -- Building a synopticc Theory 2 -- Ancient testimony to Matthew's Gospel -- Anccient Testimony to Luke's Gospel -- How were the gospels written? -- Jesus-Tradition oral and written.
526 _aSEG42
526 _aSEG41
526 _aSEG40
526 _aSEG39
526 _aP94
526 _aP87
526 _aP86
526 _aP85
526 _aP77
526 _aP76
526 _aP35
630 _aBiblia.
_pN.T.
_pEvangelios
_xCronología.
650 0 4 _aProblema sinóptico.
910 _ajck
_bjvq
_cjck
942 _2ddc
_cBOOK
949 _a226.066 W46
_wDEWEY
_c1
_i41274
_lCCODEBUL1
_mBUL
_p00.00
_r0
_sY
_tBOOK
_u2015-04-23
_xBIBLIOTECA
_zUNKNOWN
_0COMPRA
_o.STAFF. Colección General
949 _a226.066 W46
_wDEWEY
_c2
_i39870
_lCCODEBUL1
_mBUL
_p00.00
_r0
_sY
_tBOOK
_u19951121
_xTEOLOGIA
_zUNKNOWN
_0COMPRA
_o.STAFF. Colección General
994 _aC0
_bPEPRU
596 _a1
999 _a226.066 W46
_wDEWEY
_c57644
_i41274
_f2021-11-9
_g5
_lCCODEBUL1
_mBUL
_r0
_sY
_tBOOK
_u2015-4-23
_xTEOLOGIA
_zUNKNOWN
_0COMPRA
_o.STAFF. Colección General
_d57644
999 _a226.066 W46
_wDEWEY
_c2
_i39870
_f2021-11-9
_g5
_lCCODEBUL1
_mBUL
_r0
_sY
_tBOOK
_u2015-6-16
_xTEOLOGIA
_zUNKNOWN
_0COMPRA
_o.STAFF. Colección General
980 _81
_gALBERTO SANCHEZ Responsable de Automatización